Statistics for Lyrics to Happy Birthday

Click here to take the quiz!

General Stats

  • This quiz has been taken 47 times
  • The average score is 15 of 15

Answer Stats

Lyric % Correct
Happy
100%
birthday
100%
to
100%
you
100%
Happy
100%
birthday
98%
to
98%
you
98%
Happy
98%
birthday
98%
Happy
98%
birthday
98%
to
98%
you.
98%
dear
95%

Score Distribution

Percentile by Number Answered

Percent of People with Each Score

Your Score History

You have not taken this quiz